00659nam a2200241 a 4500001001300000003000900013005001700022008004100039020001000080082001600090100001800106245002000124260001900144300000900163500003500172505002900207650001900236700001800255902000800273942000700281952011600288999001300404nice12345678IN_TiNIC20260116011353.0050524s1907 kana grp 000 0 per  ac10000a492.75bMAG aMaghfoor, M H aFosool-E-Akbari aKanpurbc1907 a140p aincludes index and biblioraphy2 aFour Parts Boun Together aArabic-Grammar1 aMaghfoor, M H bSRS cBK 001040708StackRoom-aHMIbHMId2007-06-07g100.00l0o492.75 MAGp04562r2007-06-07v100.00w2005-05-24yBK c932d932